000 00750nam a22002417a 4500
003 0
005 20250927102130.0
008 250927b xxu||||| |||| 00| 0 eng d
020 _a978-1529682403
050 _aBF 637.P86
_b.J33 2024
100 _aJacobs, Michael,
_eauthor.
245 _aPsychodynamic counselling in action /
_cMichael Jacobs.
250 _aSixth edition.
260 _aLondon :
_bSage,
_c2024.
300 _axiv, 218 pages ;
_c21 cm.
440 _aSAGE Counselling in Action
504 _aIncludes bibliographical references and index.
650 _aPsychodynamic psychotherapy.
650 _aCounseling psychology.
650 _aCounseling
_xMethodology.
650 _aPsychoanalysis
_xTherapeutic use.
942 _2lcc
_cBK
999 _c368131
_d368131